Ideas combo edition 45-48. (Record no. 15343)

000 -LEADER
fixed length control field 00614nam a2200193 a 4500
001 - CONTROL NUMBER
control field :::00014002$&:&@@
003 - CONTROL NUMBER IDENTIFIER
control field OkBaRHE
005 - DATE AND TIME OF LATEST TRANSACTION
control field 20100331122658.0
008 - FIXED-LENGTH DATA ELEMENTS--GENERAL INFORMATION
fixed length control field s1990 j 000 0 eng u
040 ## - CATALOGING SOURCE
Transcribing agency
100 1# - MAIN ENTRY--PERSONAL NAME
Personal name Rice, Wayne and McLaughlin, Tim,
245 10 - TITLE STATEMENT
Title Ideas combo edition 45-48.
260 ## - PUBLICATION, DISTRIBUTION, ETC. (IMPRINT)
Place of publication, distribution, etc El Cajon, CA.,
Name of publisher, distributor, etc Youth Specialties, Inc.
Date of publication, distribution, etc 1990
300 ## - PHYSICAL DESCRIPTION
Extent 195 p. ;
Dimensions 28 cm.
650 ## - SUBJECT ADDED ENTRY--TOPICAL TERM
Topical term or geographic name as entry element Youth Ministry
700 ## - ADDED ENTRY--PERSONAL NAME
Personal name McLaughlin, Tim, Joint editor.
942 ## - ADDED ENTRY ELEMENTS (KOHA)
Source of classification or shelving scheme
Koha item type Books
Copies
Damaged status Full call number Copy number Koha item type Shelving location Source of classification or shelving scheme Permanent Location Price effective from Barcode Lost status Date last seen Not for loan Date acquired Withdrawn status
 BV 4447 .R53 V.45-481BooksGeneral Stacks RHEMA Bible Training College2010-04-1414002 2010-04-14 2010-04-14